| 000 | 00631nam a2200241 a 4500 | ||
|---|---|---|---|
| 003 | AR-BaBNM | ||
| 005 | 20251128205208.0 | ||
| 008 | 082120s2002 ||||||||||||||000 | spa|| | ||
| 020 | _a950-503-172-6 | ||
| 040 | _cAR-BaBNM | ||
| 100 | 1 | _aAuza, Nestor Tomás | |
| 245 | 0 | 0 | _aSarmiento precursor del mercado latinoamericano del libro |
| 260 |
_aBuenos Aires _bMarymar _c1988 |
||
| 300 | _a67 p. | ||
| 650 | 4 | _aPROMOCION DE LA LECTURA | |
| 650 | 4 | _aHABITO DE LECTURA | |
| 650 | 4 | _aFOMENTO DEL LIBRO | |
| 650 | 4 | _aLECTURA | |
| 650 | 4 | _aESTIMULO | |
| 700 | 1 |
_aKlasse, Isay _eprologuista |
|
| 942 | _cBK | ||
| 998 | _cMariana | ||
| 999 |
_c10400 _d10400 |
||